Genoa CFC Squad 2019-2020 - Statistics

General Stats
  • This quiz has been taken 16 times
  • The average score is 15 of 38
Answer Stats
# Position Nation Player % Correct
9 FW Paraguay Antonio Sanabria
85%
2 DF Colombia Cristián Zapata
85%
19 FW North Macedonia Goran Pandev
85%
97 GK Romania Ionuț Radu
77%
1 GK Italy Mattia Perin
77%
20 MF Denmark Lasse Schøne
69%
17 DF Argentina Cristian Romero
62%
10 FW Spain Iago Falque
62%
11 FW Ivory Coast Christian Kouamé
54%
4 DF Italy Domenico Criscito
54%
85 MF Switzerland Valon Behrami
54%
14 DF Italy Davide Biraschi
46%
15 MF Poland Filip Jagiełło
46%
23 FW Italy Mattia Destro
46%
55 DF Italy Andrea Masiello
38%
- Coach Italy Davide Nicola
38%
21 MF Serbia Ivan Radovanović
38%
13 DF Morocco Jawad El Yamiq
38%
8 MF Denmark Lukas Lerager
38%
27 MF Italy Stefano Sturaro
38%
99 FW Italy Andrea Pinamonti
31%
- Coach Italy Aurelio Andreazzoli
31%
22 GK Italy Federico Marchetti
31%
93 GK Brazil Jandrei
31%
32 DF Denmark Peter Ankersen
31%
13 GK Uruguay Salvador Ichazo
31%
10 FW Turkey Sinan Gümüş
31%
5 DF Italy Edoardo Goldaniga
23%
18 DF Italy Paolo Ghiglione
23%
16 MF Sweden Sebastian Eriksson
23%
- Coach Italy Thiago Motta
23%
92 DF France Adama Soumaoro
15%
29 MF Italy Francesco Cassata
15%
33 MF Croatia Marko Pajač
15%
30 FW Italy Andrea Favilli
8%
3 DF Italy Antonio Barreca
8%
28 MF Colombia Kevin Agudelo
8%
91 MF Italy Riccardo Saponara
8%
No matching quizzes found
Score Distribution
Percent of People with Each Score
Percentile by Number Answered
Your Score History
You have not taken this quiz